Tư duy ngược : Sống cuộc đời mà bạn muốn

Cuốn sách sẽ giải mã bạn là ai, bạn cần tư duy ngược để thành công và hạnh phúc như thế nào và các phương pháp giúp bạn dũng cảm sống cuộc đời mà bạn muốn.

Đã lưu trong:
书目详细资料
主要作者: Nguyễn Anh Dũng
格式: 图书
语言:Vietnamese
出版: H. Dân trí 2024
主题:
标签: 添加标签
没有标签, 成为第一个标记此记录!
Thư viện lưu trữ: Thư viện Trường Đại học Nam Cần Thơ
LEADER 00971nam a22001937a 4500
001 NCT_4_010043
008 240618b xxu||||| |||| 00| 0 vie d
999 |c 8445  |d 8445 
020 |a 9786044011530  |c 139000 
082 0 4 |2 23rd ed.  |a 153.42  |b D513 
100 1 |a Nguyễn Anh Dũng 
245 1 0 |a Tư duy ngược :  |b Sống cuộc đời mà bạn muốn  |c Nguyễn Anh Dũng  
260 |a H.  |b Dân trí  |c 2024 
300 |a 242 tr.  |c 20cm 
520 3 |a Cuốn sách sẽ giải mã bạn là ai, bạn cần tư duy ngược để thành công và hạnh phúc như thế nào và các phương pháp giúp bạn dũng cảm sống cuộc đời mà bạn muốn. 
653 |a Tham khảo 
942 |2 ddc  |c BK 
952 |0 0  |1 0  |2 ddc  |4 0  |6 153_420000000000000_D513  |7 0  |9 29130  |a 000001  |b 000001  |d 2024-06-18  |o 153.42 D513  |p TK.04328  |r 2024-06-18  |v 139000.00  |w 2024-06-18  |y BK 
980 |a Thư viện Trường Đại học Nam Cần Thơ